Top 10 countries by total GBP 2026 - Statistics

General Stats
  • This quiz has been taken 12 times
  • The average score is 8 of 10
Answer Stats
Rank Country Total GBP (USD Trillions % Correct
1 United States ~$27.5T
100%
8 Canada ~$2.5T
91%
4 Germany ~$5.0T
91%
6 United Kingdom ~$3.5T
91%
2 China ~$21.0T
82%
7 France ~$3.2T
82%
3 Japan ~$5.5T
82%
5 India ~$4.5T
73%
9 Italy ~$2.1T
64%
10 South Korea ~$2.0T
55%
No matching quizzes found
Score Distribution
Percent of People with Each Score
Percentile by Number Answered
Your Score History
You have not taken this quiz